MARC details
| 000 -CABECERA |
| campo de control de longitud fija |
01457nam a2200325 i 4500 |
| 003 - IDENTIFICADOR DEL NÚMERO DE CONTROL |
| campo de control |
DO-SdBNP |
| 005 - FECHA Y HORA DE LA ÚLTIMA TRANSACCIÓN |
| campo de control |
20230502101928.0 |
| 006 - CÓDIGOS DE INFORMACIÓN DE LONGITUD FIJA--CARACTERÍSTICAS DEL MATERIAL ADICIONAL |
| campo de control de longitud fija |
a||||gr|||| 00| 0 |
| 007 - CAMPO FIJO DE DESCRIPCIÓN FÍSICA--INFORMACIÓN GENERAL |
| campo de control de longitud fija |
ta |
| 008 - DATOS DE LONGITUD FIJA--INFORMACIÓN GENERAL |
| campo de control de longitud fija |
230425k19651958ny ||||er|||| 001 f eng d |
| 040 ## - FUENTE DE LA CATALOGACIÓN |
| Centro catalogador/agencia de origen |
DO-SdBNP |
| Lengua de catalogación |
spa |
| Centro/agencia transcriptor |
BNPHU |
| Normas de descripción |
rda |
| 041 07 - CÓDIGO DE LENGUA |
| Código de lengua original |
eng |
| 082 #4 - NÚMERO DE LA CLASIFICACIÓN DECIMAL DEWEY |
| Número de edición |
22 |
| Número de clasificación |
822.33 |
| Número de documento/Ítem |
S527r |
| 100 1# - ENTRADA PRINCIPAL--NOMBRE DE PERSONA |
| 9 (RLIN) |
6748 |
| Nombre de persona |
Shakespeare, William, |
| Fechas asociadas al nombre |
1564-1616 |
| 245 10 - MENCIÓN DE TÍTULO |
| Título |
Romeo and Juliet ; West side story. / |
| Mención de responsabilidad, etc. |
William Shakespeare, Arthur Laurents; introducción, Norris Houghton |
| 246 12 - FORMA VARIANTE DE TÍTULO |
| Título propio/Titulo breve |
West side story |
| 264 31 - PRODUCCIÓN, PUBLICACIÓN, DISTRIBUCIÓN, FABRICACIÓN Y COPYRIGHT |
| Producción, publicación, distribución, fabricación y copyright |
Nueva York : |
| Nombre del de productor, editor, distribuidor, fabricante |
Dell Publishing Co., |
| Fecha de producción, publicación, distribución, fabricación o copyright |
1958 |
| 300 ## - DESCRIPCIÓN FÍSICA |
| Extensión |
224 páginas ; |
| Dimensiones |
17 cm |
| 490 ## - MENCIÓN DE SERIE |
| Mención de serie |
Laurel-Leaf Library |
| 500 ## - NOTA GENERAL |
| Nota general |
Shakespeares renowned tragedy and the widely acclaimed musical play together in one volume. |
| 500 ## - NOTA GENERAL |
| Nota general |
Incluye datos biográficos en la página 1. |
| 505 ## - NOTA DE CONTENIDO CON FORMATO |
| Nota de contenido con formato |
Introduction.-- |
| Título |
Romeo and Juliet. |
| -- |
West side story.-- |
| -- |
Notes to Romeo and Juliet. |
| 533 ## - NOTA DE REPRODUCCIÓN |
| Tipo de reproducción |
Primera impresión septiembre 1965.<br/>Quinta impresión, enero 1968.<br/>Décima impresión, junio 1969.<br/>Decimoquinto, noviembre 1971.<br/>Decimosexto, junio 1971.<br/>Decimoséptimo, marzo 1972.<br/>Decimoctavo, julio 1972.<br/>Decimonoveno, julio 1973.<br/> |
| 590 ## - NOTA LOCAL (RLIN) |
| Nota local |
Inventariado 2023 / MF |
| 700 1# - PUNTO DE ACCESO ADICIONAL--NOMBRE DE PERSONA |
| Nombre de persona |
Laurents, Arthur, |
| Título de la obra |
West side story. |
| 9 (RLIN) |
83295 |
| 700 #2 - PUNTO DE ACCESO ADICIONAL--NOMBRE DE PERSONA |
| Nombre de persona |
Houghton, Norris, |
| Término indicativo de función/relación |
introducción |
| 9 (RLIN) |
83296 |
| 740 #2 - PUNTO DE ACCESO ADICIONAL--TÍTULO RELACIONADO O ANALÍTICO NO CONTROLADO |
| Título relacionado o analítico no controlado |
West side story. / Arthur Laurents. |
| 740 #2 - PUNTO DE ACCESO ADICIONAL--TÍTULO RELACIONADO O ANALÍTICO NO CONTROLADO |
| Título relacionado o analítico no controlado |
Romeo and Juliet. / William Shakespere. |
| 942 ## - ELEMENTOS DE PUNTO DE ACCESO ADICIONAL (KOHA) |
| Fuente del sistema de clasificación o colocación |
Dewey Decimal Classification |
| Tipo de ítem Koha |
Libro |